Science Quiz

Random Science or Physics Quiz

Planetary Profile: Neptune Quiz Stats

 Plays Quiz Updated Feb 6, 2018

Challenge
Share
Tweet
Embed
Score 0/10 Timer 05:00
5 Plays Today
Hint Answer % Correct
Number from the Sun
A) 8th B) 7th C) 6th D) 5th
???
91.3%
Greek Name
A) Hephaistos B) Hades C) Ares D) Poseidon
???
90.7%
Demonym
A) Neptuner B) Neptunian C) Neptunan D) Neptunerian
???
90.3%
Type of planet
A) Asteroid B) Gaseous C) Terrestrial D) Lunar
???
88.6%
Largest Satellite
A) Nereid B) Larissa C) Triton D) Proteus
???
79.8%
Last probe to observe Neptune
A) Voyager 1 B) Juno C) Pioneer 11 D) Voyager 2
???
74.7%
Most abundant gas in the atmosphere
A) Oxygen B) Hydrogen C) Helium D) Nitrogen
???
69.8%
Year of first flyby by a probe
A) 1973 B) 1974 C) 1987 D) 1989
???
62.8%
Approximate mass ratio compared to Earth
A) 16 B) 21 C) 17 D) 12
???
52.1%
Number of known naturally orbiting satellites
A) 12 B) 17 C) 22 D) 14
???
50.3%

You're not logged in!

Compare scores with friends on all Sporcle quizzes.
OR
Log In

You Might Also Like...

Show Comments

Extras

Top Quizzes Today


Score Distribution

Your Account Isn't Verified!

In order to create a playlist on Sporcle, you need to verify the email address you used during registration. Go to your Sporcle Settings to finish the process.

Report this User

Report this user for behavior that violates our Community Guidelines.

Details: